000 00448nam a2200169Ia 4500
005 20250508152122.0
008 008 250505s9999 xx 000 0 eng d
037 _aTextual
040 _aFEDL
_beng
_cFEDL
041 _aeng
_2eng
084 _a378.54, IND
_qFEDL
245 0 _aAnnual report 1955-56
245 0 _cInter-University Board of India
300 _aiv,81p.
942 _cTEXL
_h378.54, IND
999 _c1334382
_d1334382